Droit judiciaire privé / (Record no. 1945)

MARC details
000 -LEADER
fixed length control field 01641cam a2200433Li 4500
001 - CONTROL NUMBER
control field ocn470720774
003 - CONTROL NUMBER IDENTIFIER
control field TZ-ArACH
005 - DATE AND TIME OF LATEST TRANSACTION
control field 20130506152256.0
008 - FIXED-LENGTH DATA ELEMENTS--GENERAL INFORMATION
fixed length control field 090116s2009 fr f p 000 0 fre d
015 ## - NATIONAL BIBLIOGRAPHY NUMBER
National bibliography number 00915607
Source bnf
016 7# - NATIONAL BIBLIOGRAPHIC AGENCY CONTROL NUMBER
Record control number FRBNF414123010000003
Source FrPBN
020 ## - INTERNATIONAL STANDARD BOOK NUMBER
International Standard Book Number 9782275032924
020 ## - INTERNATIONAL STANDARD BOOK NUMBER
International Standard Book Number 2275032924
035 ## - SYSTEM CONTROL NUMBER
System control number (OCoLC)470720774
040 ## - CATALOGING SOURCE
Original cataloging agency BDF
Description conventions ncafnor
Language of cataloging fre
Transcribing agency TZ-ArACH
041 ## - LANGUAGE CODE
Language code of text/sound track or separate title Fre
049 ## - LOCAL HOLDINGS (OCLC)
Holding library TZAA
050 ## - LIBRARY OF CONGRESS CALL NUMBER
Classification number KJV3721
Item number .J85
082 14 - DEWEY DECIMAL CLASSIFICATION NUMBER
Classification number 347.440 5
Edition number 22
100 1# - MAIN ENTRY--PERSONAL NAME
Personal name Julien, Pierre,
Dates associated with a name 19..-....,
Titles and other words associated with a name juriste.
Relator code aut
9 (RLIN) 8235
245 10 - TITLE STATEMENT
Title Droit judiciaire privé /
Statement of responsibility, etc Pierre Julien,... Natalie Fricero,.
250 ## - EDITION STATEMENT
Edition statement 3e éd.
260 ## - PUBLICATION, DISTRIBUTION, ETC. (IMPRINT)
Place of publication, distribution, etc Paris :
Name of publisher, distributor, etc LGDJ-Lextenso éd.,
Date of publication, distribution, etc 2009
Place of manufacture (Paris :
Manufacturer Impr. Jouve)
300 ## - PHYSICAL DESCRIPTION
Extent 1 vol. (X-490 p.) ;
Dimensions 20 cm.
490 0# - SERIES STATEMENT
Series statement Manuel
500 ## - GENERAL NOTE
General note Bibliogr., p. IX-X. Index.
650 #7 - SUBJECT ADDED ENTRY--TOPICAL TERM
Topical term or geographic name as entry element Procédure civile
Geographic subdivision France
Source of heading or term ram
9 (RLIN) 8236
650 #7 - SUBJECT ADDED ENTRY--TOPICAL TERM
Topical term or geographic name as entry element Civil Procedure
Geographic subdivision France
9 (RLIN) 8237
650 #7 - SUBJECT ADDED ENTRY--TOPICAL TERM
Topical term or geographic name as entry element Courts
Geographic subdivision France
9 (RLIN) 8239
650 #7 - SUBJECT ADDED ENTRY--TOPICAL TERM
Topical term or geographic name as entry element Justice administration
Geographic subdivision France
9 (RLIN) 8240
700 1# - ADDED ENTRY--PERSONAL NAME
Personal name Fricero, Natalie.
Relator code aut
9 (RLIN) 8238
760 0# - MAIN SERIES ENTRY
Title Manuel (Paris).,
Place, publisher, and date of publication 2009
International Standard Serial Number 0990-3909
Record control number (FrPBN)34248432
856 42 - ELECTRONIC LOCATION AND ACCESS
Materials specified Notice et cote du catalogue de la Bibliothèque nationale de France
Uniform Resource Identifier <a href="http://catalogue.bnf.fr/ark:/12148/cb414123015">http://catalogue.bnf.fr/ark:/12148/cb414123015</a>
886 1# - FOREIGN MARC INFORMATION FIELD
2 intermrc
a 009
b a--dh-us-----------
886 2# - FOREIGN MARC INFORMATION FIELD
2 intermrc
a 680
b 0-
a 340
b 340
942 ## - ADDED ENTRY ELEMENTS (KOHA)
Source of classification or shelving scheme Library of Congress Classification
Koha item type Books
Holdings
Home library Current library Shelving location Date acquired Full call number Barcode Koha item type
African Court on Human and Peoples' Rights Library African Court on Human and Peoples' Rights Library   30/01/2013 KJV3721 .J85 10022457 Books
African Court on Human and Peoples' Rights Library African Court on Human and Peoples' Rights Library   06/05/2013 KJV3721 .J85 10026320 Books

African Court on Human and Peoples' Rights | For Inquiries Contact » +255 272 510 510